Преподобный Алексий Сенакский (Шушания) - подвижник обители на "Острове Архангелов" и Теклатский женский монастырь (Запись № 12096726)

Подробности
000 -МАРКЕР
контрольное поле 02098nam0a2200373 4500
001 - ИДЕНТИФИКАТОР ЗАПИСИ
контрольное поле RU\NLR\BIBL_A\012141058
005 - ИДЕНТИФИКАТОР ВЕРСИИ
контрольное поле 20200116151643.0
010 ## - МЕЖДУНАРОДНЫЙ СТАНДАРТНЫЙ НОМЕР КНИГИ (ISBN)
Номер (ISBN) 978-5-17429-1160-9
Тираж 1000
021 ## - НОМЕР ГОСУДАРСТВЕННОЙ РЕГИСТРАЦИИ
Код страны Российская Федерация
Номер КН-П-19-077029
Номер Листа государственной регистраци КН-П-19-5565
035 ## - ДРУГИЕ СИСТЕМНЫЕ НОМЕРА
Идентификатор записи (NLR Aleph) 012141058
035 ## - ДРУГИЕ СИСТЕМНЫЕ НОМЕРА
Идентификатор записи (RuMoRGB)010119110
100 ## - ДАННЫЕ ОБЩЕЙ ОБРАБОТКИ
Данные общей обработки 20191115d2019 u y0rusy50 ca
101 0# - ЯЗЫК РЕСУРСА
Язык текста, звукозаписи и т.д. русский
102 ## - СТРАНА ПУБЛИКАЦИИ ИЛИ ПРОИЗВОДСТВА
Страна публикации Российская Федерация
105 ## - ПОЛЕ КОДИРОВАННЫХ ДАННЫХ: ТЕКСТОВЫЕ МАТЕРИАЛЫ, МОНОГРАФИЧЕСКИЕ
Кодированные данные о монографическом текстовом документе ach|z|||000zb
200 1# - ЗАГЛАВИЕ И СВЕДЕНИЯ ОБ ОТВЕТСТВЕННОСТИ
Основное заглавие Преподобный Алексий Сенакский (Шушания) - подвижник обители на "Острове Архангелов" и Теклатский женский монастырь
Сведения, относящиеся к заглавию [монография]
Первые сведения об ответственности митрополит Шио (Муджири)
Последующие сведения об ответственности Православный Свято-Тихоновский гуманитарный университет
210 ## - ПУБЛИКАЦИЯ, РАСПРОСТРАНЕНИЕ И ДР.
Место издания, распространения и т.д. Москва
Имя издателя, распространителя и т. д. ПСТГУ
Дата издания, распространения и т.д. 2019
215 ## - ФИЗИЧЕСКАЯ ХАРАКТЕРИСТИКА
Специфическое обозначение материала и объем 333, [2] с., [24] л. ил., портр., факс.
Размеры 25
320 ## - ПРИМЕЧАНИЯ О НАЛИЧИИ В ДОКУМЕНТЕ БИБЛИОГРАФИИ / УКАЗАТЕЛЯ
Текст примечания Библиогр.: с. 314-334 (402 назв.)
600 #0 - ИМЯ ЛИЦА КАК ПРЕДМЕТ
Начальный элемент ввода Алексий
Дополнения к именам, кроме дат Шушания, Иоанн
-- иеромонах
Даты 1852 - 1923
Системный номер авторитетной/нормативной записи 2434912
Идентификатор авторитетной/нормативной записи RU\NLR\AUTH\6601667083
601 02 - НАИМЕНОВАНИЕ ОРГАНИЗАЦИИ КАК ПРЕДМЕТ
Начальный элемент ввода Теклатский Рождественский женский монастырь
Идентифицирующий признак Грузия
Системный номер авторитетной/нормативной записи 2434916
Идентификатор авторитетной/нормативной записи RU\NLR\AUTH\6601667085
686 2# - ИНДЕКСЫ ДРУГИХ КЛАССИФИКАЦИЙ
Индекс Э372.16-574.8
686 2# - ИНДЕКСЫ ДРУГИХ КЛАССИФИКАЦИЙ
Индекс Э372.16-647.2
700 #0 - ИМЯ ЛИЦА - ПЕРВИЧНАЯ ОТВЕТСТВЕННОСТЬ
Графика поля Кириллица
Материалы, к которым относится поле rus
Начальный элемент ввода Шио
Дополнения к именам, кроме дат Муджири, Элизбар Теймуразович
-- митрополит Сенакский
Даты 1969-
Системный номер авторитетной/нормативной записи 214577
Идентификатор авторитетной/нормативной записи RU\NLR\AUTH\770214633
702 #0 - ИМЯ ЛИЦА - ВТОРИЧНАЯ ОТВЕТСТВЕННОСТЬ
Код отношения Прочие
Графика поля Кириллица
Материалы, к которым относится поле rus
Начальный элемент ввода Алексий
Дополнения к именам, кроме дат Шушания, Иоанн
-- иеромонах
Даты 1852-1923
Системный номер авторитетной/нормативной записи 214590
Идентификатор авторитетной/нормативной записи RU\NLR\AUTH\770214646
942 ## - ДОПОЛНИТЕЛЬНЫЕ ЭЛЕМЕНТЫ ЗАПИСИ (АБИС)
Тип экземпляра АБИС Книга
980 ## - КОЛЛЕКЦИЯ
Название коллекции НБР
980 ## - КОЛЛЕКЦИЯ
Название коллекции Национальная библиография

Нет доступных экземпляров.